Music Quiz

Random Music or Food Quiz

What To Eat In Songs Quiz Stats

 Plays Quiz Updated Apr 6, 2015

Challenge
Share
Tweet
Score 0/16 Timer 04:00
0 Plays Today
% Correct
That's Amore
81.1%
Down Under
77.1%
Lucy In The Sky With Diamonds
62.4%
California Gurls
62%
Thank God I'm A Country Boy
60.5%
Jack & Diane
56.9%
Lose Yourself
56.5%
Under The Boardwalk
53%
% Correct
Bread And Butter
51.1%
One Week
49.4%
Margaritaville
41.8%
Lunchlady Land
41.1%
Werewolves Of London
38%
Drops Of Jupiter
33.2%
Ode To Billie Joe
27.2%
Mother's Little Helper
24.1%

You're not logged in!

Compare scores with friends on all Sporcle quizzes.
OR
Log In

You Might Also Like...

Show Comments

Extras

Top Quizzes Today


Score Distribution

Your Account Isn't Verified!

In order to create a playlist on Sporcle, you need to verify the email address you used during registration. Go to your Sporcle Settings to finish the process.

Report this User

Report this user for behavior that violates our Community Guidelines.

Details: